AZCAPOTZALCO Revista de Ciencias Sociales y Humanidades
Gorde:
| Formatua: | Liburua |
|---|---|
| Hizkuntza: | Spanish |
| Argitaratua: |
Azcapotzalco
UAM
|
| Gaiak: | |
| Etiketak: |
Etiketa erantsi
Etiketarik gabe, Izan zaitez lehena erregistro honi etiketa jartzen!
|
MARC
| LEADER | 00000nam a22000007a 4500 | ||
|---|---|---|---|
| 003 | cru CIDCACS/IIS | ||
| 005 | 20200925161158.0 | ||
| 007 | ta | ||
| 008 | 170111b1986 MX ||||| |||| 00| 0 spa d | ||
| 040 | |c CRAI/IIS |a CRAI/IIS | ||
| 090 | 0 | 4 | |a REV0001 |
| 110 | |4 Universidad Autónoma Metropolitana | ||
| 245 | 1 | 0 | |a AZCAPOTZALCO |b Revista de Ciencias Sociales y Humanidades |c Universidad Autónoma Metropolitana |
| 260 | |a Azcapotzalco |b UAM | ||
| 650 | 1 | 0 | |9 75 |a CIENCIAS SOCIALES |
| 650 | 1 | 0 | |9 838 |a HUMANIDADES |
| 650 | 1 | 0 | |9 839 |a PROBLEMAS SOCIALES |
| 650 | 1 | 0 | |9 126 |a CULTURA |
| 942 | |2 ddc |c PP | ||
| 999 | |c 18805 |d 18805 | ||
